Highest & Lowest Life Expectancies - Statistics

General Stats
  • This quiz has been taken 34 times
    5 since last reset
  • The average score is 23 of 30
Answer Stats
Life Expectancy Country % Correct
82.2 Australia
100%
55.5 Burkina Faso
100%
81.9 Canada
100%
52.3 Central African Republic
100%
50.2 Chad
100%
83 Iceland
100%
85 Japan
100%
81.9 Liechtenstein
100%
89.5 Monaco
100%
53.3 Mozambique
100%
82.1 Sweden
100%
82.2 Italy
80%
53 Lesotho
80%
55.5 Niger
80%
53.4 Nigeria
80%
85 Singapore
80%
51.6 Swaziland
80%
82.6 Switzerland
80%
82.8 Andorra
60%
54.5 Botswana
60%
50.6 Guinea-Bissau
60%
82.3 Luxembourg
60%
52.4 Somalia
60%
82.4 South Korea
60%
55.4 Uganda
60%
52.5 Zambia
60%
51.3 Afghanistan
40%
52.1 Gabon
40%
82.4 Israel
40%
83.3 San Marino
40%
No matching quizzes found
Score Distribution
Percent of People with Each Score
Percentile by Number Answered
Your Score History
You have not taken this quiz since the last reset